LEADER 00867nam1 22002651i 450 001 RML0269389 005 20231121125724.0 100 $a20121121f ||||0itac50 ba 101 | $ager 102 $asz 181 1$6z01$ai $bxxxe 182 1$6z01$an 200 1 $aHandbuch der Laplace-transformation$fGustav Doetsch 210 $aBasel $cBirkhauser Verlag 215 $a3 v$cill.$d24 cm 463 1$1001RML0269393$12001 $a˜Band I œTheorie der Laplace-transformation 463 1$1001RML0269394$12001 $a˜Band II œAnwendungen der Laplace-transformation 463 1$1001RML0269395$12001 $a˜Band III œAnwendungen der Laplace-transformation 700 1$aDoetsch$b, Gustav$3RMLV173712$0659 801 3$aIT$bIT-01$c20121121 912 $aRML0269389 967 $m3 977 $a 54 996 $aHandbuch der Laplace-transformation$93625213 997 $aUNICAS